LEADER 01583nam a2200325 u 4500 001 000000047401 003 CaOOAMICUS 005 20070226114900.0 008 990927s1999 fr u000 u fre u 020 $a2711613984 035 $a10833231 040 $aBAV$bita$dPUL(R) 041 0 $afre$alat 100 1 $aBoureau, Alain,$d1946-$0(OLS)http://pul/name/34453 245 10$aPierre de Jean Olivi (1248-1298), pensée scolastique, dissidence spirituelle et société :$bactes du colloque de Narbonne (mars 1998) /$cédités par Alain Boureau et Sylvain Piron. 260 $aParis :$bJ. Vrin,$c1999. 300 $a412 p. ;$c24 cm 490 1 $aEtudes de philosophie médiévale ;$v79 504 $a"Bibliographie": p. 389-399. 600 14$aOlivi, Pierre de Jean,$cO.F.M.,$d1248-1298$xCritica e interpretazione.$0(OLS)http://pul/subject/2089 650 4$aScolastica.$0(OLS)http://pul/subject/1014 700 12$aPiron, Sylvain.$0(OLS)http://pul/name/34454 830 0$aEtudes de philosophie médiévale ;$v79.$0(OLS)http://pul/title/1367 850 $aPUL 852 $aPUL$W1$xSL Filosofia 2$y80$mPhil A4 79$j63350$nBK-PRI$b $qStampati altre collocazioni$B63350$CPULBib$Z2$F63350 $H $81 941 1 $a10 961 $aINV: 81192 996 $6020$a2711613984$9(OLS)http://pul/number/59175 996 $6245$aPierre de Jean Olivi (1248-1298), pensée scolastique, dissidence spirituelle et société :$bactes du colloque de Narbonne (mars 1998)$9(OLS)http://pul/title/63809 996 $6260$aParis :$bJ. Vrin$9(OLS)http://pul/publisher/48393 LEADER 01182nam a2200301 u 4500 001 000000082166 003 CaOOAMICUS 005 20070226123832.0 008 050407s1996 it u000 u ita u 020 $a8878026883 035 $a11038234 040 $aPUL$bita 041 1 $aita$hfre 100 1 $aHenry, Michel,$d1922-2002.$0(OLS)http://pul/name/39200 240 10$aVoir l'invisible.$lItaliano.$0(OLS)http://pul/title/107414 245 10$aVedere l'invisibile :$bsaggio su Kandinskij /$cMichel Henry. 260 $aMilano :$bGuerini,$c1996. 300 $a190 p. ;$c23 cm 490 1 $aSaggi ;$v38 504 $aBibliografia in nota. 650 4$aPittura.$0(OLS)http://pul/subject/15768 830 0$aSaggi (Guerini) ;$v38.$0(OLS)http://pul/title/19925 850 $aPUL 852 $aPUL$W1$xDP2 Cons. Gen., Altre Classi 3$y97$m759. 7 MICHE 1$j104739$nBK-PRI$qDDC 21$B104739$CPULBib$Z2$F104739 $H97730 $81 941 1 $a9 996 $6020$a8878026883$9(OLS)http://pul/number/108868 996 $6245$aVedere l'invisibile :$bsaggio su Kandinskij$9(OLS)http://pul/title/107415 996 $6260$aMilano :$bGuerini$9(OLS)http://pul/publisher/52467